Introducción a la Teoría del Estado (Registro nro. 5686)

Detalles MARC
000 -LEADER
fixed length control field 01192 a2200205 4500
001 - CONTROL NUMBER
control field 54612
005 - DATE AND TIME OF LATEST TRANSACTION
control field 20260407155820.0
008 - FIXED-LENGTH DATA ELEMENTS--GENERAL INFORMATION
fixed length control field 260407a1980 arg spa d
003 - CONTROL NUMBER IDENTIFIER
control field AR-UNSa-BCEJYS
040 ## - CATALOGING SOURCE
Original cataloging agency AR-UNSa-BCEJYS
Language of cataloging spa
Transcribing agency AR-UNSa-BCEJYS
080 ## - UNIVERSAL DECIMAL CLASSIFICATION NUMBER
Universal Decimal Classification number 342.1
Common auxiliary subdivision Estado. Pueblo. Nación. Poder del estado (Derecho político)
100 1# - MAIN ENTRY--PERSONAL NAME
Personal name Kriele, Martin
245 10 - TITLE STATEMENT
Title Introducción a la Teoría del Estado
Name of part/section of a work fundamentos históricos de la legitimidad del estado constitucional democrático
264 #1 - PRODUCTION, PUBLICATION, DISTRIBUTION, MANUFACTURE, AND COPYRIGHT NOTICE
Place of production, publication, distribution, manufacture Buenos Aires :
Name of producer, publisher, distributor, manufacturer Ediciones Depalma
Date of production, publication, distribution, manufacture, or copyright notice 1980
300 ## - PHYSICAL DESCRIPTION
Extent 497 p.
Dimensions 23 cm.
505 ## - FORMATTED CONTENTS NOTE
Formatted contents note Primera Parte: 1. Legitimidad – 2. Soberanía – 3. Soberanía externa - - Segunda Parte: 1. Dominio del derecho – 2. Las raíces del estado constitucional en Inglaterra del siglo XVII – 3. Derechos humanos y división de poderes – 4. Parlamentarismo – 5. Estado constitucional - - Tercera Parte: 1. Soberanía del pueblo – 2. Soberanía del pueblo e identidad ejemplificadas en las dos revoluciones francesas de 1789 y 1792 – 3 Estado y sociedad en Alemania – 4. Democracia y libertad.
590 ## - LOCAL NOTE (RLIN)
Local note niveau_biblio:m niveau_hierar:0
700 1# - ADDED ENTRY--PERSONAL NAME
Personal name Bulygin, Eugenio
942 ## - ADDED ENTRY ELEMENTS (KOHA)
Koha item type
Existencias
Withdrawn status Lost status Damaged status Not for loan Home library Current library Shelving location Date acquired Total checkouts Full call number Barcode Date last seen Price effective from Koha item type
        Biblioteca Prof. Eusebio Cleto del Rey Biblioteca Prof. Eusebio Cleto del Rey   07/04/2026   342.1 K89 L45352 07/04/2026 07/04/2026 Libro
        Biblioteca Prof. Eusebio Cleto del Rey Biblioteca Prof. Eusebio Cleto del Rey   07/04/2026   342.1 K89 L45351 07/04/2026 07/04/2026 Libro